02145cam a2200421 i 450000100090000000300090000900500170001800800410003502000180007603500240009404000810011804300120019908200200021124500780023124600210030926400450033030000400037533600260041533700280044133800270046950400410049650502220053765100520075965100430081165300220085465500170087670000350089374000550092874000520098374000560103574000510109194200120114299900170115495201380117195201380130995201380144795201380158516421800EG-ScBUE20240526090719.0100818s2011 enka f b 000 0 eng d a9781412948845 a(OCoLC)ocn756900323 aNLEbengerdacNLEdUKMGBdN15dCUDdHNKdBTCTAdYDXCPdOCLCOdDLCdEG-ScBUE aa-cc---04a951.05bCON22200aContemporary China studies :bstudies-politics /cedited by Tak-Wing Ngo.30aStudies-politics 1aLondon :bSage Publications Inc.,c2011. a4 volumes :billustrations ;c24 cm 2rdacontentatextbtxt aunmediated2rdamediabn avolumebnc2rdacarrier aIncludes bibliographical references.0 aVolume 1. Continuities and changes of the party-state -- Volume 2. Forms of discipline and control -- Volume 3. Local autonomy under central authority -- Volume 4. Shifting identities and the quest for national unity. 7aChinaxEconomic conditionsy1949-2BUEsh912778 7aChinaxSocial conditionsy1949-2BUEsh bGGENcOctober2016 vReading book1 aNgo, Tak-Wing,d1962-eeditor.02aMarket reform and legacies of the command economy.02aRegulation and governance in the hybrid market.02aCivil society, citizenship, and popular resistance.02aSocial cleavages and forms of marginalization. 2ddccBB c30764d30735 00102ddc40708BaccahaMAINbMAINc2NDd2024-05-26ePurchasel0o951.05 CONp000040582r2025-07-15 00:00:00w2024-05-26yBBzVol. 1 00102ddc40708BaccahaMAINbMAINc2NDd2024-05-26ePurchasel0o951.05 CONp000040581r2025-07-15 00:00:00w2024-05-26yBBzVol. 2 00102ddc40708BaccahaMAINbMAINc2NDd2024-05-26ePurchasel0o951.05 CONp000040580r2025-07-15 00:00:00w2024-05-26yBBzVol. 3 00102ddc40708BaccahaMAINbMAINc2NDd2024-05-26ePurchasel0o951.05 CONp000040579r2025-07-15 00:00:00w2024-05-26yBBzVol. 4